[Event "KUP CENTRALNE SRBIJE"]
[Site "Kragujevac"]
[Date "2016.04.23"]
[Round "6.1"]
[White "Ostojic, Nikola"]
[Black "Mirkovic, Stevan"]
[Result "1-0"]
[WhiteElo "2434"]
[BlackElo "2333"]
[PlyCount "97"]
[EventDate "2016.04.20"]

1. c4 c5 2. Nf3 Nf6 3. Nc3 g6 4. d4 cxd4 5. Nxd4 Bg7 6. e4 d6 7. Be2 O-O 8. O-O
Nc6 9. Be3 Bd7 10. Qd2 Nxd4 11. Bxd4 Bc6 12. f3 a5 13. b3 Nd7 14. Be3 Nc5 15.
Rac1 Qb6 16. Nb5 Rfc8 17. Rfd1 Qd8 18. Rc2 h5 19. Nc3 Kh7 20. Nd5 Bxd5 21. cxd5
Qf8 22. Bxc5 dxc5 23. a4 Bd4+ 24. Kh1 Qh6 25. f4 Rg8 26. Rf1 f6 27. Bc4 Rg7 28.
Qd3 Kh8 29. Bb5 g5 30. fxg5 Rxg5 31. Bd7 Qf8 32. Rcc1 Rd8 33. Be6 Rd6 34. Rf5
Rxf5 35. Bxf5 Qh6 36. Rf1 Rb6 37. Bd7 Rb4 38. Bb5 Be5 39. Bc4 Kg7 40. d6 exd6
41. Qd5 Qg5 42. Qg8+ Kh6 43. Qh8+ Kg6 44. Bg8 Qg4 45. Qh7+ Kg5 46. Bd5 Rd4 47.
g3 Bxg3 48. Qg7+ Kh4 49. Qxf6+ 1-0

[Event "KUP CENTRALNE SRBIJE"]
[Site "Kragujevac"]
[Date "2016.04.23"]
[Round "6.1"]
[White "Smolovic, Mile"]
[Black "Nestorovic, Lazar"]
[Result "1/2-1/2"]
[WhiteElo "2283"]
[BlackElo "2355"]
[PlyCount "94"]
[EventDate "2016.04.20"]

1. e4 c5 2. Nc3 a6 3. g3 b5 4. Bg2 Bb7 5. Nge2 e6 6. d4 cxd4 7. Nxd4 Qc7 8. O-O
b4 9. Na4 Nf6 10. Re1 d6 11. a3 e5 12. Nf5 g6 13. Nh6 a5 14. Bg5 Nfd7 15. Qf3
Bxh6 16. Bxh6 Nc6 17. c3 Rg8 18. Be3 f5 19. Qd1 Ne7 20. Bg5 fxe4 21. Bxe4 Bxe4
22. Rxe4 Qc6 23. Rh4 Nf5 24. Rxh7 Nf8 25. Rh3 Ne6 26. Bd2 e4 27. g4 Ne7 28. c4
Nd4 29. Be3 Nf3+ 30. Kg2 Qd7 31. Rg3 Rh8 32. h3 Qc6 33. Nb6 Rb8 34. Nd5 Qxc4
35. Qa4+ Kf7 36. Nxe7 Kxe7 37. Rc1 Qb5 38. Qc2 Qb7 39. axb4 Rbc8 40. Qd1 Qxb4
41. Qd5 Rxc1 42. Bxc1 Qe1 43. Bg5+ Kd7 44. Qf7+ Kc8 45. Qc4+ Kd7 46. Qf7+ Kc8
47. Qc4+ Kd7 1/2-1/2

[Event "KUP CENTRALNE SRBIJE"]
[Site "Kragujevac"]
[Date "2016.04.23"]
[Round "6.1"]
[White "Rajkovic, Mladen"]
[Black "Gavrilovic, Leonardo"]
[Result "1/2-1/2"]
[WhiteElo "2320"]
[BlackElo "2191"]
[PlyCount "90"]
[EventDate "2016.04.20"]

1. e4 Nf6 2. e5 Nd5 3. c4 Nb6 4. d4 d6 5. exd6 exd6 6. Nc3 Be7 7. Bd3 Nc6 8.
Nge2 O-O 9. O-O Bf6 10. b3 Re8 11. Be3 Bg4 12. Qd2 Bxe2 13. Nxe2 a5 14. Rad1 d5
15. c5 Nd7 16. Nf4 Nf8 17. Nh5 Be7 18. Bh6 g6 19. Ng7 Nxd4 20. Nxe8 Nfe6 21.
Ng7 Nxg7 22. Bxg7 Kxg7 23. Bxg6 Bxc5 24. Bb1 Qf6 25. Rfe1 Bb4 26. Qd3 Bxe1 27.
Qxh7+ Kf8 28. Rxe1 Re8 29. Rxe8+ Kxe8 30. Qg8+ Ke7 31. Qg4 c5 32. Bd3 b5 33.
Qc8 c4 34. Qc5+ Ke8 35. Bf1 Qe5 36. h4 c3 37. Bxb5+ Nxb5 38. Qxb5+ Kf8 39. Qc5+
Kg7 40. Kf1 f6 41. a3 f5 42. b4 axb4 43. axb4 Qf6 44. Ke2 Qa6+ 45. Ke3 Qf1
1/2-1/2

[Event "KUP CENTRALNE SRBIJE"]
[Site "Kragujevac"]
[Date "2016.04.23"]
[Round "6.1"]
[White "Radosavljevic, Slobodan S"]
[Black "Zivkovic, Dejan"]
[Result "1/2-1/2"]
[WhiteElo "2156"]
[BlackElo "2304"]
[PlyCount "95"]
[EventDate "2016.04.20"]

1. d4 Nf6 2. Nf3 b5 3. e3 a6 4. c4 b4 5. a3 e6 6. Bd2 bxa3 7. bxa3 c5 8. Nc3
Bb7 9. Be2 Qc7 10. O-O Be7 11. Qb3 cxd4 12. exd4 Ne4 13. Be3 d6 14. Rfc1 Nd7
15. a4 Bf6 16. a5 Rb8 17. Qa3 O-O 18. Nxe4 Bxe4 19. Nd2 Bg6 20. f3 e5 21. Qc3
Rfe8 22. Bf1 exd4 23. Bxd4 Bxd4+ 24. Qxd4 Qc5 25. Qxc5 Nxc5 26. Re1 Rxe1 27.
Rxe1 Kf8 28. f4 Rb2 29. Nf3 Rb1 30. Rxb1 Bxb1 31. Nd2 Bc2 32. Kf2 Nb7 33. Ke3
Nxa5 34. c5 dxc5 35. Bxa6 Ke7 36. Nf3 f6 37. g4 Bd1 38. g5 Bxf3 39. Kxf3 fxg5
40. fxg5 Kd6 41. Bd3 g6 42. h4 Nc6 43. Kf4 Ne5 44. Be4 c4 45. h5 c3 46. Ke3 Kc5
47. hxg6 hxg6 48. Bc2 1/2-1/2

[Event "KUP CENTRALNE SRBIJE"]
[Site "Kragujevac"]
[Date "2016.04.23"]
[Round "6.2"]
[White "Maksimovic, Branimir"]
[Black "Zajic, Milan"]
[Result "0-1"]
[WhiteElo "2330"]
[BlackElo "2491"]
[PlyCount "102"]
[EventDate "2016.04.20"]

1. Nf3 Nf6 2. c4 e6 3. Nc3 Bb4 4. g3 b6 5. Bg2 Bb7 6. O-O O-O 7. d3 d5 8. cxd5
exd5 9. Qb3 Na6 10. Bg5 Be7 11. d4 h6 12. Bf4 c6 13. Rac1 Nh5 14. Be5 f6 15.
Bf4 Nxf4 16. gxf4 Bd6 17. e3 Qd7 18. Ne4 Rae8 19. Nxd6 Qxd6 20. Qc2 Rf7 21. Nh4
Qe6 22. Qg6 Rc7 23. Nf5 Kf8 24. Bf3 Bc8 25. Bg4 Qf7 26. Qxf7+ Rxf7 27. Rxc6 h5
28. Rxc8 Rxc8 29. Nd6 Rc6 30. Be2 Rxd6 31. Bxa6 Rc7 32. Be2 g6 33. Bd3 f5 34.
Kg2 Rdc6 35. Rd1 Rc1 36. Rd2 Ra1 37. a3 Rcc1 38. Bc2 Ke7 39. Kg3 Rg1+ 40. Kh4
Raf1 41. Kh3 Kd6 42. Ba4 a6 43. Be8 b5 44. Rc2 Ke7 45. Bc6 Rc1 46. Rxc1 Rxc1
47. Bxd5 Rc2 48. b4 Rc3 49. Kh4 Kf6 50. Bb7 Rxa3 51. f3 Rxe3 0-1

[Event "KUP CENTRALNE SRBIJE"]
[Site "Kragujevac"]
[Date "2016.04.23"]
[Round "6.2"]
[White "Djordjevic, Vuk"]
[Black "Panic, Nenad"]
[Result "1/2-1/2"]
[WhiteElo "2410"]
[BlackElo "2352"]
[PlyCount "41"]
[EventDate "2016.04.20"]

1. e4 g6 2. d4 Bg7 3. Nf3 c5 4. c3 cxd4 5. cxd4 d6 6. h3 Nf6 7. Nc3 O-O 8. Be3
e5 9. dxe5 dxe5 10. Bc4 Qe7 11. O-O Be6 12. Nxe5 Nxe4 13. Nxe4 Bxc4 14. Nxc4
Qxe4 15. Qb3 Nc6 16. Rac1 Nd4 17. Bxd4 Bxd4 18. Nd2 Qe2 19. Nf3 Qxb2 20. Nxd4
Qxd4 21. Qxb7 1/2-1/2

[Event "KUP CENTRALNE SRBIJE"]
[Site "Kragujevac"]
[Date "2016.04.23"]
[Round "6.2"]
[White "Ilic, Dragan M"]
[Black "Dezelin, Milan"]
[Result "1-0"]
[WhiteElo "2333"]
[BlackElo "2262"]
[PlyCount "43"]
[EventDate "2016.04.20"]

1. d4 Nf6 2. c4 e6 3. Nc3 Bb4 4. e3 c5 5. a3 Bxc3+ 6. bxc3 Qa5 7. Bd2 Nc6 8.
Bd3 d6 9. Ne2 e5 10. O-O e4 11. Bc2 Qa6 12. Ng3 Qxc4 13. Nxe4 Nxe4 14. Bxe4 Ne5
15. Qb1 d5 16. Bc2 Nc6 17. Re1 cxd4 18. cxd4 Be6 19. Bd3 Qa4 20. Bb5 Bf5 21.
Bxa4 Bxb1 22. Raxb1 1-0

[Event "KUP CENTRALNE SRBIJE"]
[Site "Kragujevac"]
[Date "2016.04.23"]
[Round "6.2"]
[White "Mladenovic, Stefan"]
[Black "Zivkovic, Vladislav"]
[Result "1-0"]
[WhiteElo "2329"]
[BlackElo "2168"]
[PlyCount "85"]
[EventDate "2016.04.20"]

1. d4 d5 2. c4 e6 3. Nf3 c5 4. cxd5 exd5 5. g3 Nc6 6. Bg2 Nf6 7. O-O Be7 8. a3
c4 9. Nc3 O-O 10. b3 cxb3 11. Qxb3 Na5 12. Qa2 h6 13. Ne5 Be6 14. f4 Ne4 15.
Bxe4 dxe4 16. d5 Bf5 17. Be3 Rc8 18. Nb5 Bc5 19. Nd4 Bxd4 20. Bxd4 f6 21. d6+
Kh7 22. Qd5 fxe5 23. fxe5 Nc4 24. e6 Nxd6 25. Bc5 Rxc5 26. Qxc5 b6 27. Qd5 Bg6
28. Rfd1 Qf6 29. Qxd6 Qf2+ 30. Kh1 e3 31. Rd4 Rf3 32. e7 Rf6 33. Qd5 Qxe2 34.
Rf4 Rxf4 35. gxf4 Qb2 36. Rg1 Qf6 37. Rxg6 Qxg6 38. Qe5 Qb1+ 39. Kg2 Qc2+ 40.
Kh3 Qd3 41. e8=Q Qf1+ 42. Kg4 Qg2+ 43. Kf5 1-0

[Event "KUP CENTRALNE SRBIJE"]
[Site "Kragujevac"]
[Date "2016.04.23"]
[Round "6.3"]
[White "Mircic, Ivan"]
[Black "Rihterovic, Milan"]
[Result "0-1"]
[WhiteElo "2242"]
[BlackElo "2247"]
[PlyCount "75"]
[EventDate "2016.04.20"]

1. Nf3 d5 2. d4 c5 3. e3 Nf6 4. Be2 Bf5 5. O-O e6 6. c4 Nc6 7. Nc3 Be7 8. dxc5
Bxc5 9. a3 Ne4 10. Nxe4 dxe4 11. Nd2 Qg5 12. Kh1 h5 13. Qb3 Rb8 14. Qb5 Be7 15.
f4 Qg6 16. Bd1 O-O 17. Bc2 Rfd8 18. c5 e5 19. Nb3 exf4 20. exf4 Bf6 21. Rb1 h4
22. Be3 h3 23. g3 a6 24. Qc4 Be6 25. Qe2 Rd3 26. Nc1 Nd4 27. Bxd4 Rxd4 28. Nb3
Bc4 29. Qe1 Bxb3 30. Bxb3 e3 31. f5 Qg5 32. Rf3 Re8 33. Rd1 Qg4 34. Qe2 Rxd1+
35. Bxd1 Rd8 36. Bc2 Be7 37. Bd3 Rxd3 38. Qxd3 0-1

[Event "KUP CENTRALNE SRBIJE"]
[Site "Kragujevac"]
[Date "2016.04.23"]
[Round "6.3"]
[White "Trpkovic, Miroljub"]
[Black "Petrovic, Dejan"]
[Result "0-1"]
[WhiteElo "1923"]
[BlackElo "1941"]
[PlyCount "74"]
[EventDate "2016.04.20"]

1. e4 e5 2. Bc4 Nc6 3. Nf3 Be7 4. d4 exd4 5. Nxd4 Ne5 6. Bb3 d6 7. c3 Nf6 8. f3
O-O 9. O-O a5 10. Bc2 c5 11. Ne2 b5 12. f4 Ng6 13. Ng3 Re8 14. Qe2 Bf8 15. h3
Bb7 16. Rd1 Qc7 17. Re1 c4 18. Qf2 Nd7 19. Nd2 Nc5 20. Nf3 Ne7 21. e5 Ng6 22.
Nd4 dxe5 23. Nxb5 Qd7 24. f5 Qxb5 25. fxg6 hxg6 26. Rf1 Qd7 27. b3 Nd3 28. Bxd3
cxd3 29. Be3 f5 30. Bc5 Qc6 31. Bxf8 Rxf8 32. b4 e4 33. Rfe1 Rae8 34. b5 Qxb5
35. Rab1 Qd7 36. Nf1 f4 37. Qb6 Bc6 0-1

[Event "KUP CENTRALNE SRBIJE"]
[Site "Kragujevac"]
[Date "2016.04.23"]
[Round "6.3"]
[White "Jakovljevic, Nenad"]
[Black "Rancic, Zoran"]
[Result "1/2-1/2"]
[WhiteElo "2113"]
[BlackElo "2203"]
[PlyCount "181"]
[EventDate "2016.04.20"]

1. e4 c5 2. Nf3 d6 3. d4 cxd4 4. Nxd4 Nf6 5. Nc3 a6 6. Bg5 Nbd7 7. f4 g6 8. Qd2
Bg7 9. O-O-O O-O 10. Be2 h6 11. Bh4 e5 12. Nf3 exf4 13. Qxd6 g5 14. Bf2 Qe8 15.
Bd3 Ng4 16. Bd4 Nde5 17. Nd5 Qe6 18. Qc5 Nxd3+ 19. Rxd3 Qxe4 20. Bxg7 Kxg7 21.
Qc3+ f6 22. Re1 Ne3 23. Nxe3 fxe3 24. Rdxe3 Qa4 25. Re7+ Kg6 26. Nd4 Qxa2 27.
Qd3+ f5 28. g4 Qa1+ 29. Kd2 Qa5+ 30. c3 Qd5 31. gxf5+ Bxf5 32. R1e6+ Kh5 33.
Nxf5 Rxf5 34. Qxd5 Rxd5+ 35. Ke3 Rb5 36. Rh7 Kg4 37. Rhxh6 Rxb2 38. h3+ Kg3 39.
Re4 Rc8 40. Rg4+ Kh2 41. c4 Rb3+ 42. Kd4 Rf3 43. Rxg5 Rf4+ 44. Kd3 Rfxc4 45.
Rhg6 Rc3+ 46. Kd2 Rc2+ 47. Kd1 Ra2 48. Rb6 Rc7 49. h4 a5 50. Re5 Rcc2 51. h5
Rg2 52. Rb1 Kh3 53. h6 Kg4 54. h7 Rh2 55. Re7 Rh1+ 56. Re1 Rxh7 57. Kc1 Kf4 58.
Rb2 Rxb2 59. Kxb2 b5 60. Re8 Rh5 61. Ra8 b4 62. Kb3 Rh3+ 63. Kc4 Rc3+ 64. Kd4
Ra3 65. Rf8+ Kg3 66. Kc4 b3 67. Kc3 a4 68. Kb2 Ra2+ 69. Kb1 Rc2 70. Ra8 Ra2 71.
Rf8 Kg4 72. Rf7 a3 73. Rb7 Rb2+ 74. Ka1 Kf4 75. Rb8 Ke4 76. Rb7 Kd4 77. Rb8
Ra2+ 78. Kb1 Kc4 79. Rc8+ Kd5 80. Rb8 Rb2+ 81. Ka1 Ke4 82. Rb4+ Kd3 83. Rb8 Ke2
84. Re8+ Kd3 85. Re3+ Kd2 86. Rh3 Ke1 87. Rh1+ Ke2 88. Rh2+ Kd3 89. Rh3+ Kd4
90. Rh4+ Kd3 91. Rh3+ 1/2-1/2

[Event "KUP CENTRALNE SRBIJE"]
[Site "Kragujevac"]
[Date "2016.04.23"]
[Round "6.4"]
[White "Blagojevic, Nebojsa"]
[Black "Tosic, Miroslav"]
[Result "1/2-1/2"]
[WhiteElo "2224"]
[BlackElo "2418"]
[PlyCount "76"]
[EventDate "2016.04.20"]

1. e4 c5 2. Nf3 e6 3. d4 cxd4 4. Nxd4 a6 5. Bd3 Nf6 6. O-O d6 7. c4 Be7 8. Nc3
O-O 9. Be3 b6 10. f3 Bb7 11. Bc2 Nbd7 12. Rc1 Rc8 13. Qe2 Qc7 14. Bd3 Ne5 15.
b3 Nxd3 16. Qxd3 Nd7 17. Qe2 Rfe8 18. Rfd1 Bf8 19. Qf2 Ba8 20. Na4 Qb8 21. Nc3
Be7 22. Qg3 Bf6 23. Nde2 Be5 24. Bf4 Red8 25. Bxe5 dxe5 26. Qg5 Nc5 27. Ng3 h6
28. Qg4 Rxd1+ 29. Rxd1 Rd8 30. Nh5 Rxd1+ 31. Nxd1 Qf8 32. Nf2 Kh7 33. h4 f5 34.
Qh3 g6 35. Ng3 h5 36. Nf1 a5 37. Qg3 Qf6 38. Nd2 Kg7 1/2-1/2

[Event "KUP CENTRALNE SRBIJE"]
[Site "Kragujevac"]
[Date "2016.04.23"]
[Round "6.4"]
[White "Milovanovic, Srboljub"]
[Black "Mitrovic, Marjan"]
[Result "1-0"]
[WhiteElo "2143"]
[BlackElo "2143"]
[PlyCount "115"]
[EventDate "2016.04.20"]

1. d4 Nf6 2. c4 g6 3. Nc3 d5 4. cxd5 Nxd5 5. Bd2 Bg7 6. e4 Nb6 7. Be3 O-O 8.
Qd2 Nc6 9. Rd1 e5 10. d5 Nd4 11. Nge2 Nc4 12. Qc1 Nxe3 13. fxe3 Nxe2 14. Bxe2
Qh4+ 15. g3 Qg5 16. Rd3 b6 17. Nd1 f5 18. Rc3 fxe4 19. Rxc7 Bh3 20. Rg1 Bg4 21.
Bxg4 Qxg4 22. d6 Rad8 23. Qc4+ Kh8 24. Qd5 Rd7 25. Rxd7 Qxd7 26. Rf1 Rd8 27.
Rf7 Qxd6 28. Qxd6 Rxd6 29. Rxa7 Bh6 30. Rb7 Rc6 31. Kd2 Rd6+ 32. Ke2 Kg8 33.
Re7 Bg7 34. Nc3 Rc6 35. Rd7 Rc4 36. Rd5 Rb4 37. Rb5 Rxb5 38. Nxb5 Kf7 39. Nd6+
Ke6 40. Nxe4 h6 41. g4 Kd5 42. Kd3 h5 43. h3 hxg4 44. hxg4 b5 45. Nc3+ Kc5 46.
Ke4 Kc4 47. Nd5 g5 48. b3+ Kc5 49. a3 Bh8 50. Nc7 Kc6 51. Ne6 Bf6 52. Kf5 Be7
53. a4 bxa4 54. bxa4 Kb6 55. e4 Ka5 56. Nxg5 Kxa4 57. Ne6 Kb5 58. g5 1-0

[Event "KUP CENTRALNE SRBIJE"]
[Site "Kragujevac"]
[Date "2016.04.23"]
[Round "6.4"]
[White "Djoric, Hadzi Goran"]
[Black "Batanjac, Aleksandar"]
[Result "1/2-1/2"]
[WhiteElo "2126"]
[BlackElo "2163"]
[PlyCount "100"]
[EventDate "2016.04.20"]

1. d4 e6 2. Nf3 b6 3. Bf4 Bb7 4. e3 f5 5. Bd3 Nf6 6. h3 Nc6 7. c3 g6 8. Nbd2
Be7 9. e4 fxe4 10. Nxe4 Nxe4 11. Bxe4 O-O 12. Bg5 Qe8 13. O-O Na5 14. Re1 Bxe4
15. Rxe4 Rf5 16. Qd3 Nb7 17. Rae1 Nd6 18. R4e2 Qf7 19. Bh4 Ra5 20. b4 Rf5 21.
Bg3 a5 22. Bxd6 cxd6 23. bxa5 Rfxa5 24. Qb1 b5 25. Rb2 Qf5 26. Qxf5 gxf5 27.
Ree2 Bf6 28. Kf1 Re8 29. Rb3 Rea8 30. Rbb2 Kf7 31. Rec2 e5 32. Ke2 Re8 33. Kf1
Rc8 34. Rb4 Ke6 35. g3 Ra3 36. dxe5 dxe5 37. Re2 e4 38. g4 d5 39. gxf5+ Kxf5
40. Nd4+ Bxd4 41. Rxd4 Ke5 42. Rb4 Rc5 43. f3 Raxc3 44. fxe4 d4 45. a4 bxa4 46.
Rxa4 Rxh3 47. Rd2 d3 48. Kg2 Re3 49. Kf2 Rxe4 50. Ra3 Rf4+ 1/2-1/2

[Event "KUP CENTRALNE SRBIJE"]
[Site "Kragujevac"]
[Date "2016.04.23"]
[Round "6.4"]
[White "Minic, Ivan"]
[Black "Knezevic, Milija"]
[Result "1-0"]
[WhiteElo "2134"]
[BlackElo "1757"]
[PlyCount "109"]
[EventDate "2016.04.20"]

1. d4 d5 2. Nf3 Bf5 3. c4 dxc4 4. Nc3 e6 5. Qa4+ c6 6. Qxc4 h6 7. g3 Nf6 8. Bg2
Be7 9. Qb3 Qc8 10. O-O O-O 11. Ne5 Nbd7 12. Nc4 Rb8 13. Bf4 Ra8 14. Bd6 Re8 15.
Bxe7 Rxe7 16. Nd6 Qc7 17. Qa3 Nb6 18. e4 Bg6 19. Rac1 Rd7 20. e5 Nfd5 21. Nce4
Bxe4 22. Bxe4 a6 23. Bb1 Qd8 24. Qd3 g6 25. Ne4 Nc8 26. Qf3 Kg7 27. Nc5 Re7 28.
Be4 Ncb6 29. Rfd1 Qf8 30. h4 f6 31. exf6+ Qxf6 32. Qxf6+ Nxf6 33. Bg2 Nbd5 34.
Re1 Kf7 35. Re2 Rae8 36. Rce1 g5 37. Bh3 b6 38. Nd3 Nd7 39. a3 Kf6 40. Rc1 Rc8
41. Rec2 Nb8 42. Ne5 Rec7 43. Ng4+ Kg7 44. Re1 Re7 45. Rce2 Rce8 46. Ne5 Kf6
47. Bg2 h5 48. Be4 Rg8 49. Nf3 b5 50. Nxg5 Rge8 51. Nf3 Nd7 52. Rc1 Nb8 53. Ne5
Rg8 54. Rec2 Rc7 55. Nxc6 1-0

[Event "KUP CENTRALNE SRBIJE"]
[Site "Kragujevac"]
[Date "2016.04.23"]
[Round "6.5"]
[White "Marjanovic, Milan"]
[Black "Vasic, Vladimir"]
[Result "1-0"]
[WhiteElo "2015"]
[BlackElo "2173"]
[PlyCount "119"]
[EventDate "2016.04.20"]

1. d4 d5 2. c4 dxc4 3. e3 e5 4. Nf3 exd4 5. Qxd4 Be6 6. Na3 Nc6 7. Qxd8+ Rxd8
8. Bd2 Bxa3 9. bxa3 Nf6 10. Rc1 Ne4 11. Bxc4 Nxd2 12. Nxd2 Ne5 13. Be2 c6 14.
Rc3 Bxa2 15. Nb3 Bxb3 16. Rxb3 b6 17. f4 Nd7 18. Bf3 Rc8 19. Bg4 Nc5 20. Rc3
Rc7 21. Ke2 Ke7 22. e4 Rd8 23. e5 f6 24. exf6+ Kxf6 25. Re3 Re7 26. Rxe7 Kxe7
27. Rc1 Rd4 28. Bf3 Kd6 29. g3 a5 30. Rc3 Kc7 31. Ke3 Rd7 32. f5 Rd6 33. g4 h6
34. h4 Nd7 35. g5 hxg5 36. hxg5 Nf8 37. Rc1 Kd7 38. Be4 g6 39. f6 b5 40. a4 b4
41. Rc5 Rd1 42. Rxa5 Re1+ 43. Kf3 Kd6 44. Ra8 Ne6 45. Bxg6 Nxg5+ 46. Kg4 Rg1+
47. Kf5 Ne6 48. f7 Rg5+ 49. Kf6 Rg1 50. Rd8+ Nxd8 51. f8=Q+ Kc7 52. Qxb4 Rf1+
53. Ke5 Nb7 54. a5 Ra1 55. Qb6+ Kc8 56. Bf5+ Kb8 57. a6 Ra5+ 58. Kf4 Rb5 59.
Qxc6 Rb4+ 60. Be4 1-0

[Event "KUP CENTRALNE SRBIJE"]
[Site "Kragujevac"]
[Date "2016.04.23"]
[Round "6.5"]
[White "Dimitrijevic, Milorad"]
[Black "Bjelanovic, Mile"]
[Result "1-0"]
[WhiteElo "2113"]
[BlackElo "1895"]
[PlyCount "81"]
[EventDate "2016.04.20"]

1. e4 e6 2. d4 d5 3. Nd2 Nf6 4. Bd3 c5 5. e5 Nfd7 6. c3 Nc6 7. Ne2 f6 8. exf6
Nxf6 9. Nf3 cxd4 10. cxd4 Bd6 11. O-O e5 12. dxe5 Nxe5 13. Nxe5 Bxe5 14. Qb3
O-O 15. f4 Bc7 16. Be3 Kh8 17. Bd4 Qe7 18. Rac1 Qf7 19. Nc3 Ba5 20. Nb5 a6 21.
Nd6 Qd7 22. Bc5 g6 23. Qa3 b6 24. Bd4 Kg7 25. Nxc8 Raxc8 26. Rxc8 Rxc8 27. b4
Qe7 28. Qb2 Bxb4 29. Bxf6+ Qxf6 30. Qxb4 a5 31. Qa4 Rc5 32. Rd1 Qe7 33. Qd4+
Kf7 34. a4 Qe6 35. h3 Qf6 36. Qxf6+ Kxf6 37. Rb1 Rc6 38. Kf2 h6 39. Ke3 g5 40.
fxg5+ hxg5 41. Kd4 1-0

[Event "KUP CENTRALNE SRBIJE"]
[Site "Kragujevac"]
[Date "2016.04.23"]
[Round "6.5"]
[White "Markovic, Predrag M"]
[Black "Jelisavcic, Srdjan"]
[Result "0-1"]
[WhiteElo "1808"]
[BlackElo "2089"]
[PlyCount "76"]
[EventDate "2016.04.20"]

1. e4 e5 2. Nf3 Nc6 3. Bb5 a6 4. Ba4 Nf6 5. O-O b5 6. Bb3 Be7 7. Re1 Bb7 8. c3
d5 9. d4 dxe4 10. Nxe5 Nxe5 11. dxe5 Qxd1 12. Rxd1 Ng4 13. e6 f5 14. h3 Ne5 15.
Na3 Nd3 16. Nc2 c5 17. c4 Bf6 18. Ne3 g6 19. a4 b4 20. Nd5 Be5 21. f4 Bxd5 22.
cxd5 Bd4+ 23. Kf1 Bxb2 24. Bxb2 Nxb2 25. Rd2 Nd3 26. g3 Ke7 27. Bc4 Rhd8 28.
Rad1 a5 29. Bxd3 exd3 30. Rxd3 c4 31. Re3 Rac8 32. g4 c3 33. gxf5 gxf5 34. Rg3
c2 35. Rg7+ Kd6 36. Re1 c1=Q 37. Rxc1 Rxc1+ 38. Ke2 Rc7 0-1

[Event "KUP CENTRALNE SRBIJE"]
[Site "Kragujevac"]
[Date "2016.04.23"]
[Round "6.5"]
[White "Ilic, Milenko"]
[Black "Ugljesic, Nemanja"]
[Result "1-0"]
[WhiteElo "1854"]
[BlackElo "1627"]
[PlyCount "63"]
[EventDate "2016.04.20"]

1. e4 c6 2. Nf3 d5 3. exd5 cxd5 4. d4 Nf6 5. c3 Bg4 6. Be2 Nc6 7. O-O e6 8. Bf4
Bd6 9. Bxd6 Qxd6 10. Nbd2 O-O 11. Ne5 Bxe2 12. Qxe2 a6 13. f4 b5 14. a3 Na5 15.
g4 Nc4 16. g5 Nxd2 17. gxf6 Nxf1 18. fxg7 Rfd8 19. Qh5 Ra7 20. Rxf1 f6 21. Ng4
Rxg7 22. Kh1 Qe7 23. Re1 Kh8 24. Nh6 Qe8 25. Qh3 Qg6 26. f5 exf5 27. Nxf5 Qg4
28. Qf1 Rg5 29. Nh6 Qd7 30. Qxf6+ Rg7 31. Nf5 Rf8 32. Qxf8+ 1-0

[Event "KUP CENTRALNE SRBIJE"]
[Site "Kragujevac"]
[Date "2016.04.23"]
[Round "6.6"]
[White "Dragasevic, Dragan"]
[Black "Savic, Bratislav"]
[Result "1/2-1/2"]
[WhiteElo "2229"]
[BlackElo "1932"]
[PlyCount "26"]
[EventDate "2016.04.20"]

1. d4 d6 2. c4 g6 3. Nc3 Bg7 4. g3 c6 5. Nf3 e5 6. Bg2 h6 7. O-O Ne7 8. e4 O-O
9. Be3 g5 10. Qd2 f5 11. exf5 Nxf5 12. dxe5 dxe5 13. Qxd8 Rxd8 1/2-1/2

[Event "KUP CENTRALNE SRBIJE"]
[Site "Kragujevac"]
[Date "2016.04.23"]
[Round "6.6"]
[White "Radosavljevic, Milan M"]
[Black "Gajic, Branko"]
[Result "0-1"]
[WhiteElo "1819"]
[BlackElo "2195"]
[PlyCount "46"]
[EventDate "2016.04.20"]

1. e4 c6 2. Nc3 d5 3. d4 dxe4 4. Nxe4 Nf6 5. Ng5 h6 6. N5f3 Bf5 7. Bc4 Nbd7 8.
Bd2 e6 9. Ne5 Nxe5 10. dxe5 Ne4 11. Nf3 Bg4 12. Qe2 Nxd2 13. O-O-O Bxf3 14.
gxf3 Be7 15. Rxd2 Bg5 16. Rhd1 Bxd2+ 17. Qxd2 Qxd2+ 18. Rxd2 Rd8 19. Bd3 Ke7
20. Re2 Rd4 21. Be4 Rhd8 22. b3 Rd1+ 23. Kb2 Rh1 0-1

[Event "KUP CENTRALNE SRBIJE"]
[Site "Kragujevac"]
[Date "2016.04.23"]
[Round "6.6"]
[White "Cabarkapa, Mijomir"]
[Black "Stojanovic, Vladimir M"]
[Result "1-0"]
[WhiteElo "2180"]
[BlackElo "1859"]
[PlyCount "89"]
[EventDate "2016.04.20"]

1. Nf3 Nf6 2. d4 d6 3. c4 Nbd7 4. Nc3 e5 5. e3 c6 6. Qc2 Be7 7. Bd3 O-O 8. O-O
Re8 9. b3 Bf8 10. Bb2 g6 11. Rfe1 Bg7 12. Rad1 Qc7 13. Ng5 Nf8 14. h3 Ne6 15.
dxe5 dxe5 16. Nf3 Nd7 17. b4 a5 18. b5 Ndc5 19. Bf1 a4 20. a3 Qe7 21. Nd5 cxd5
22. cxd5 Ng5 23. Nxg5 Qxg5 24. f4 Qg3 25. Qxc5 exf4 26. Bxg7 Kxg7 27. Qd4+ Kg8
28. Qxf4 Qxf4 29. exf4 Bd7 30. Kf2 b6 31. Bd3 f6 32. Rc1 Rxe1 33. Kxe1 Rc8 34.
Rxc8+ Bxc8 35. d6 Kf7 36. Kd2 Ke8 37. Be4 Kd7 38. Kc3 Kxd6 39. Kb4 Bd7 40. h4
Bg4 41. Bc2 Kd5 42. Bxa4 Ke4 43. g3 Bd7 44. Bb3 Kf3 45. a4 1-0

[Event "KUP CENTRALNE SRBIJE"]
[Site "Kragujevac"]
[Date "2016.04.23"]
[Round "6.6"]
[White "Gligorijevic, Pera"]
[Black "Jocovic, Slobodan"]
[Result "1-0"]
[WhiteElo "1568"]
[BlackElo "2087"]
[PlyCount "69"]
[EventDate "2016.04.20"]

1. f4 d5 2. Nf3 Bg4 3. e3 Nf6 4. Be2 Nbd7 5. b3 g6 6. Bb2 Bg7 7. d3 O-O 8. O-O
Bxf3 9. Bxf3 e6 10. Nd2 c6 11. Rc1 Qb6 12. Qe2 c5 13. Kh1 a5 14. a4 Rfd8 15.
Rb1 Qc7 16. c4 b6 17. Rfc1 Qd6 18. d4 cxd4 19. exd4 Qxf4 20. Rf1 Qd6 21. Qe3
Nb8 22. Be2 Nfd7 23. Rbe1 Nc6 24. Nf3 Nb4 25. Rc1 Rac8 26. Ne5 Nf6 27. c5 bxc5
28. dxc5 Qe7 29. Bd4 Ne4 30. Ng4 e5 31. Ba1 h5 32. Nh6+ Kh7 33. Nf5 gxf5 34.
Rxf5 Rh8 35. Qxe4 1-0

[Event "KUP CENTRALNE SRBIJE"]
[Site "Kragujevac"]
[Date "2016.04.23"]
[Round "6.7"]
[White "Mrsevic, Miroslav"]
[Black "Gajic, Nikola M"]
[Result "1-0"]
[WhiteElo "2221"]
[BlackElo "2008"]
[PlyCount "79"]
[EventDate "2016.04.20"]

1. e4 e5 2. Nf3 Nc6 3. Nc3 Nf6 4. Bb5 d6 5. d4 exd4 6. Qxd4 Bd7 7. Bxc6 Bxc6 8.
Bg5 h6 9. Bxf6 Qxf6 10. Qxf6 gxf6 11. Nd5 Bxd5 12. exd5 Kd7 13. O-O-O h5 14.
Rd3 Re8 15. Kd1 Bh6 16. g3 f5 17. Nh4 f4 18. Re1 Rxe1+ 19. Kxe1 Re8+ 20. Kf1
Bg5 21. Nf3 Bh6 22. Rb3 b6 23. Rb4 a5 24. Ra4 fxg3 25. hxg3 Bg7 26. b3 Bf6 27.
Rf4 Ke7 28. Re4+ Kd7 29. Rxe8 Kxe8 30. Ke2 Kd7 31. Ke3 c6 32. Ke4 cxd5+ 33.
Kxd5 b5 34. Nd2 h4 35. Ne4 hxg3 36. Nxf6+ Ke7 37. Ng8+ Kf8 38. fxg3 Kxg8 39. c4
bxc4 40. bxc4 1-0

[Event "KUP CENTRALNE SRBIJE"]
[Site "Kragujevac"]
[Date "2016.04.23"]
[Round "6.7"]
[White "Musovic, Sabrija"]
[Black "Matovic, Milovan"]
[Result "1-0"]
[WhiteElo "2011"]
[BlackElo "1934"]
[PlyCount "155"]
[EventDate "2016.04.20"]

1. e4 e5 2. Nf3 Nc6 3. Bb5 Bc5 4. O-O Nge7 5. c3 a6 6. Ba4 b5 7. Bb3 d5 8. exd5
Nxd5 9. Nxe5 Nxe5 10. d4 Ng6 11. dxc5 c6 12. Re1+ Nge7 13. Bg5 Ra7 14. a4 Be6
15. axb5 cxb5 16. Qd4 O-O 17. Bxd5 Qxd5 18. Bxe7 Qxd4 19. cxd4 Rxe7 20. d5 Ra7
21. dxe6 fxe6 22. b4 Rf4 23. Nd2 Rxb4 24. Rxe6 Rb2 25. Ne4 a5 26. f3 b4 27. Nd6
h6 28. Nb5 Ra8 29. c6 Rc2 30. Rb1 Rc5 31. Nd4 Rd5 32. Re4 Rc5 33. Re7 Rc8 34.
Rxg7+ Kxg7 35. Ne6+ Kf7 36. Nxc5 Rxc6 37. Nd3 Rb6 38. Ne5+ Ke6 39. Nc4 Rb5 40.
Nxa5 Rxa5 41. Rxb4 Kf6 42. h4 Ra6 43. Rg4 Ra5 44. Kh2 Kf7 45. Kh3 Ra1 46. Rb4
Kg6 47. Rb6+ Kg7 48. Kg4 Ra5 49. Rb7+ Kf6 50. Rb6+ Kg7 51. Rb4 Kg6 52. h5+ Kf6
53. Rb6+ Kg7 54. Rg6+ Kh7 55. f4 Ra8 56. g3 Ra5 57. Re6 Ra7 58. Re4 Rg7+ 59.
Kf3 Ra7 60. f5 Kg7 61. Kf4 Ra1 62. Re7+ Kf6 63. Re6+ Kg7 64. Rg6+ Kh7 65. f6
Re1 66. Rg7+ Kh8 67. Ra7 Rf1+ 68. Ke5 Kg8 69. Ke6 Rf3 70. g4 Rf4 71. Rg7+ Kh8
72. Rg6 Kh7 73. f7 Rf2 74. Ke7 Re2+ 75. Re6 Ra2 76. Rxh6+ Kxh6 77. f8=Q+ Kg5
78. Qf5+ 1-0